000 00947nam a2200265Ia 4500
003 OSt
005 20220925203415.0
006 a|||||r|||| 00| 0
007 ta
008 220923b |||||||| |||| 00| 0 eng d
020 _a9780822331131
_c1183.6800000000001
037 _bRKBA/ 09-10/ 4674, 01/08/2012, RAJKIRAN BOOK AGENCY
_cGeneral Book
040 _aRTL
_cRTL
_beng
041 _2eng
_aeng
082 _aY:3 (M95), P3
100 _aPinney Christopher
_928323
245 0 _aPhotography's other Histories
260 _aDurham
_bDuke University Press
_c2003
300 _aviii, 286p.
_ccm.
490 _aObjects/Histories: Critical Perspectives on Art, Material Culture and Representation
650 _aSociology
700 _a Peterson Nicolas
_9265874
942 _hY:3 (M95), P3
_cGB
_2CC
999 _c546279
_d546279